[Event "2e Open Condom"]
[Site "?"]
[Date "2003.??.??"]
[Round "2"]
[White "Bluet, Frederick"]
[Black "Laurain, Dominique"]
[Result "0-1"]
[WhiteElo "1850"]
[BlackElo "2095"]
[EventDate "2003.??.??"]
[PlyCount "54"]

1.e4 e6 2.d4 d5 3.Nc3 Bb4 4.e5 Ne7 5.a3 Bxc3+ 6.bxc3 c5 7.Nf3 h6 8.a4 Qa5 
9.Qd2 Nbc6 10.Be2 Qc7 11.Ba3 b6 12.O-O O-O 13.dxc5 bxc5 14.Bxc5 $6 
    ( 14.c4 Na5 15.cxd5 exd5 )
14...Nxe5 15.Ba3 Nxf3+ 16.Bxf3 Ba6 17.Rfb1 Rfb8 18.Bxe7 Qxe7 19.Rb3 Bc4 
20.Rb4 Qc7 21.Rab1 a5 22.Rxb8+ Rxb8 23.Rxb8+ Qxb8 24.h3 Qe8 25.Be2 Qxa4 
26.Bxc4 Qxc4 27.Qc1 Qa2 0-1

[Event "Tarbes"]
[Site "?"]
[Date "2003.??.??"]
[Round "1"]
[White "Brauckmann, Hartwich"]
[Black "Sakri, Abdelhak"]
[Result "0-1"]
[WhiteElo "1720"]
[BlackElo "2020"]
[PlyCount "82"]

1.e4 c6 2.d4 d5 3.e5 Bf5 4.Nc3 e6 5.g4 Bg6 6.h4 h6 7.Bg2 Nd7 8.Nce2 Qb6 9.
Nf4 Bh7 10.Rh3 c5 11.Rb3 Qc7 12.Nge2 cxd4 13.c4 dxc3 14.Nxc3 Nc5 15.Nb5 
Qxe5+ 16.Re3 Be4 17.f3 Qxf4 18.fxe4 Nf6 19.exd5 Qb4+ 20.Nc3 O-O-O 21.Bd2 
Qxg4 22.Qc2 Qxg2 23.O-O-O Qg6 24.dxe6 Qxc2+ 25.Kxc2 Nxe6 26.Nb5 a6 27.Rc3+
Kb8 28.Bf4+ Bd6 29.Bxd6+ Ka8 30.Re3 Rc8+ 31.Kb1 Rhd8 32.Red3 Ne4 33.Be5 
Rxd3 34.Rxd3 N6c5 35.Nc7+ Ka7 36.Rd1 f6 37.Bh2 f5 38.Nd5 a5 39.Bg1 Ka6 40.
Ne3 Rf8 41.Rd5 b6 0-1

[Event "Tarbes"]
[Site "?"]
[Date "2003.??.??"]
[Round "1"]
[White "Baches, Frederic"]
[Black "Regnier, Thomas"]
[Result "0-1"]
[WhiteElo "1770"]
[BlackElo "2050"]
[PlyCount "102"]

1.e4 c5 2.Nc3 Nc6 3.g3 g6 4.Bg2 Bg7 5.d3 e6 6.Be3 d6 7.Qd2 a6 8.Nge2 Rb8 
9.Rb1 Nd4 10.O-O Ne7 11.Nd1 Nxe2+ 12.Qxe2 Nc6 13.c3 O-O 14.f4 Bd7 15.e5 
dxe5 16.Bxc5 Re8 17.Bd6 Qb6+ 18.Qf2 Qxf2+ 19.Rxf2 Rbc8 20.fxe5 Bxe5 21.
Bxe5 Nxe5 22.Bxb7 Rb8 23.Bxa6 Ra8 24.Bc4 Bc6 25.Bb3 Nxd3 26.Rd2 Ne5 27.Re2
Nf3+ 28.Kf1 Red8 29.Kf2 Nd2 30.Rc1 Ne4+ 31.Ke1 Nc5 32.Nf2 Rdb8 33.Bc4 Na4 
34.b3 Nb6 35.Bd3 Nd5 36.c4 Nb4 37.Bb1 Ra3 38.Rd1 Bf3 39.Rdd2 Bxe2 40.Rxe2 
Rba8 41.Rb2 Nxa2 42.Nd3 Nc3 43.Kd2 Ne4+ 44.Ke3 Nd6 45.c5 Nf5+ 46.Ke4 Rb8 
47.b4 Kf8 48.g4 Ne7 49.Kd4 Nc6+ 50.Kc4 Rd8 51.b5 Rd4# 0-1

[Event "Tarbes"]
[Site "?"]
[Date "2003.??.??"]
[Round "1"]
[White "Lacroix, Romain"]
[Black "Cabanna, Daniel"]
[Result "0-1"]
[WhiteElo "1840"]
[BlackElo "2152"]
[PlyCount "95"]

1.e4 c6 2.d4 d5 3.exd5 cxd5 4.c4 Nf6 5.c5 e5 6.Nc3 exd4 7.Qxd4 Nc6 8.Bb5 
Bd7 9.Bxc6 bxc6 10.Nf3 Be7 11.O-O O-O 12.Re1 Re8 13.Bg5 h6 14.Bh4 Be6 15.
b4 Nd7 16.Bxe7 Qxe7 17.Qf4 Qf6 18.Qxf6 Nxf6 19.Nd4 Bd7 20.f3 Reb8 21.a3 a5
22.Na4 axb4 23.Nb6 Rxa3 24.Rxa3 bxa3 25.Ra1 Be8 26.Rxa3 Nh7 27.Kf2 Ng5 28.
Ke3 Ne6 29.Nxe6 fxe6 30.Ra8 Rxa8 31.Nxa8 Kf7 32.Kd4 Kf6 33.f4 g5 34.Nc7 
Bd7 35.g3 gxf4 36.gxf4 Kf5 37.Ke3 e5 38.fxe5 Kxe5 39.Kd3 Bf5+ 40.Kc3 d4+ 
41.Kd2 h5 42.h4 Be4 43.Ke2 Bf5 44.Kd2 Kf4 45.Na6 Kg3 46.Nb8 Be4 47.Nd7 
Kxh4 48.Nf6 0-1

[Event "Tarbes"]
[Site "?"]
[Date "2003.??.??"]
[Round "1"]
[White "Chauve, Jean-Christophe"]
[Black "Jossien, Remy"]
[Result "0-1"]
[WhiteElo "1880"]
[BlackElo "2181"]
[PlyCount "68"]

1.e4 e5 2.Nf3 f5 3.Bc4 fxe4 4.Nxe5 d5 5.Qh5+ g6 6.Nxg6 hxg6 7.Qxh8 Kf7 8.
Bxd5+ Qxd5 9.Qh4 Nf6 10.Nc3 Qe5 11.Qg3 Qxg3 12.hxg3 Nc6 13.Ne2 Nb4 14.Nd4 
c5 15.a3 cxd4 16.axb4 Bxb4 17.c3 Bc5 18.b4 Bb6 19.c4 Bf5 20.Bb2 e3 21.dxe3
dxe3 22.c5 exf2+ 23.Kxf2 Bc7 24.Bxf6 Kxf6 25.Rh7 Be5 26.Ra3 Be4 27.Rh4 Bc6
28.Re3 a5 29.Ra3 a4 30.Rh7 Bb2 31.Rd3 a3 32.g4 a2 33.g5+ Kxg5 34.Rf7 Ra3 
0-1

[Event "Tarbes"]
[Site "?"]
[Date "2003.??.??"]
[Round "2"]
[White "Boulogne, Laurent"]
[Black "Chassy, Philippe"]
[Result "0-1"]
[WhiteElo "1620"]
[BlackElo "2121"]
[PlyCount "116"]

1.c4 e6 2.g3 d5 3.Bg2 Nf6 4.Nf3 dxc4 5.Nc3 Be7 6.Qa4+ Nbd7 7.Qxc4 a6 8.b4 
O-O 9.O-O c5 10.a3 b5 11.Qb3 Bb7 12.d4 cxd4 13.Nxd4 Bxg2 14.Kxg2 Qb6 15.e3
Rfd8 16.Bb2 Ne5 17.Rad1 Qb7+ 18.f3 Nc4 19.Bc1 Ng4 20.Ne4 Nge5 21.Nd2 Rac8 
22.Bb2 Rd7 23.Rf2 Nxb2 24.Qxb2 Nd3 25.Qb3 Nxf2 26.Kxf2 Bf6 27.Ne4 Bxd4 28.
exd4 Qd5 29.Qxd5 Rxd5 30.Nc5 Ra8 31.Nb3 Rdd8 32.f4 Kf8 33.Ke3 Ke7 34.g4 
Rdc8 35.Nc5 a5 36.d5 exd5 37.Rxd5 axb4 38.axb4 Ra2 39.h4 Rb2 40.Nd3 Rc3 
41.Rxb5 Rbb3 42.Rd5 Rxb4 43.Kd2 Rxd3+ 44.Rxd3 Rxf4 45.Rg3 Ke6 46.Ke3 Ra4 
47.Kf2 Ra2+ 48.Kf3 Ke5 49.Rg1 Ra3+ 50.Kg2 f6 51.Rf1 g6 52.h5 f5 53.hxg6 
hxg6 54.gxf5 gxf5 55.Rf2 Ke4 56.Kg1 f4 57.Kg2 Rg3+ 58.Kf1 f3 0-1

[Event "Tarbes"]
[Site "?"]
[Date "2003.??.??"]
[Round "1"]
[White "Garaud, Alain"]
[Black "Serres, Olivier"]
[Result "1-0"]
[WhiteElo "1930"]
[BlackElo "1420"]
[PlyCount "69"]

1.e4 d6 2.d4 Nf6 3.Nc3 g6 4.Be2 Bg7 5.Be3 c6 6.f3 b5 7.Qd2 Nbd7 8.O-O-O 
Qa5 9.Bh6 Bxh6 10.Qxh6 b4 11.Nb1 Qxa2 12.h4 Ba6 13.g4 Bxe2 14.Nxe2 O-O-O 
15.Qe3 Kc7 16.Nf4 Nb6 17.b3 Nfd7 18.e5 dxe5 19.dxe5 e6 20.Rd4 Qa5 21.Nd3 
Nd5 22.Qd2 c5 23.Re4 Qb6 24.Nb2 Qc6 25.Na4 N5b6 26.Nb2 Nxe5 27.Qf4 Rd5 28.
Nd3 f6 29.Rhe1 Qd6 30.Nxe5 fxe5 31.Rxe5 Rxe5 32.Rxe5 Re8 33.Nd2 Nd7 34.Nc4
Qd4 35.Rxc5+ 1-0

[Event "NII"]
[Site "?"]
[Date "2003.??.??"]
[Round "?"]
[White "Garbisu de Goni, Unai"]
[Black "Amigues, Emmanuel"]
[Result "0-1"]
[WhiteElo "2475"]
[BlackElo "2352"]
[EventDate "2003.??.??"]
[PlyCount "68"]

1.e4 c6 2.c4 d5 3.exd5 cxd5 4.cxd5 Nf6 5.Nc3 Nxd5 6.Nf3 Nc6 7.d4 e6 8.Bd3 
Be7 9.O-O O-O 10.Re1 Ncb4 11.Bb1 Nf6 12.a3 Nbd5 13.Qd3 Re8 14.Ne5 a5 15.
Bg5 h6 16.Bd2 Kf8 17.Qh3 Nxc3 18.bxc3 Bd6 19.Bd3 Bxe5 20.dxe5 Ng8 21.Rab1 
b6 22.Be3 Rb8 23.Bb5 Bd7 24.Bxd7 Qxd7 25.Bxb6 Qd5 26.Qe3 Rec8 27.Bc5+ Ne7 
28.Bxe7+ Kxe7 29.Qa7+ Qd7 30.Qxb8 Rxb8 31.Rxb8 Qc7 32.Rb3 a4 33.Rb4 Qxc3 
34.Reb1 Qxe5 0-1

[Event "Tarbes"]
[Site "?"]
[Date "2003.??.??"]
[Round "1"]
[White "De Baralle, Michel"]
[Black "De Laubadere, Philippe"]
[Result "0-1"]
[WhiteElo "1600"]
[BlackElo "1970"]
[PlyCount "70"]

1.d4 d5 2.c4 c6 3.Nc3 Nf6 4.Bg5 dxc4 5.a4 h6 6.Bd2 Bf5 7.e3 Nbd7 8.Bxc4 e5
9.Qb3 Qb6 10.Bxf7+ Kd8 11.Qxb6+ axb6 12.dxe5 Nxe5 13.Bb3 Nd3+ 14.Ke2 Nxb2 
15.f3 Bd3+ 16.Kf2 Bc4 17.Bxc4 Nxc4 18.Ke2 Bc5 19.Nh3 Nxd2 20.Kxd2 Ke7 21.
Ke2 Bb4 22.Rhc1 Rhd8 23.Nf4 Rd7 24.Nd3 Ba5 25.Ne5 Bxc3 26.Rxc3 Rd5 27.Ng6+
Kf7 28.Nf4 Rda5 29.Rb1 g5 30.Nd3 Nd5 31.Rc4 Rxa4 32.Rbc1 Rxc4 33.Rxc4 Ra2+
34.Ke1 Nxe3 35.Rd4 Nc2+ 0-1

[Event "Tarbes"]
[Site "?"]
[Date "2003.??.??"]
[Round "2"]
[White "Jossien, Remy"]
[Black "Garaud, Alain"]
[Result "1-0"]
[WhiteElo "2181"]
[BlackElo "1930"]
[PlyCount "77"]

1.d4 Nf6 2.Nc3 d5 3.e4 dxe4 4.f3 exf3 5.Nxf3 e6 6.Bd3 c5 7.dxc5 Bxc5 8.Bg5
Nc6 9.Qe2 O-O 10.O-O-O Qa5 11.g4 Nd5 12.Bd2 Bb4 13.Bxh7+ Kxh7 14.Ng5+ Kg8 
15.Qd3 f5 16.Nxd5 Bxd2+ 17.Rxd2 Qxd5 18.Qh3 Qxh1+ 19.Rd1 Qxd1+ 20.Kxd1 
Rd8+ 21.Kc1 Bd7 22.gxf5 exf5 23.Qb3+ Kh8 24.Nf7+ Kh7 25.Nxd8 Rxd8 26.Qxb7 
f4 27.Qc7 g5 28.b4 f3 29.Kd2 Kg6 30.b5 f2 31.Ke2 Nd4+ 32.Kxf2 Rf8+ 33.Kg2 
Rf7 34.Qd6+ Ne6 35.c4 Kh5 36.a4 Nf4+ 37.Kf3 Bg4+ 38.Ke4 Ng6 39.Qg3 1-0

[Event "Tarbes"]
[Site "?"]
[Date "2003.??.??"]
[Round "2"]
[White "Dargagnon, Remi"]
[Black "Surre, Frederic"]
[Result "1-0"]
[WhiteElo "2125"]
[BlackElo "1740"]
[PlyCount "63"]

1.e4 e5 2.Nf3 Nc6 3.Bb5 a6 4.Ba4 Nf6 5.O-O Be7 6.d4 Nxe4 7.Re1 d5 8.Nxe5 
Bd7 9.Nxd7 Qxd7 10.c4 Nf6 11.Qe2 dxc4 12.Bxc6 bxc6 13.Bd2 Nd5 14.Nc3 Kd8 
15.Qxc4 Bf6 16.Rad1 Re8 17.Ne4 Nb6 18.Qd3 Be7 19.Qg3 Bf8 20.Bf4 Nd5 21.Nc3
Rxe1+ 22.Rxe1 Nxf4 23.Qxf4 Rb8 24.Qh4+ Kc8 25.Qxh7 Qxd4 26.Re8+ Kb7 27.
Rxb8+ Kxb8 28.Qg8 Qb4 29.Qxf7 Qxb2 30.Qxf8+ Kb7 31.Qf3 Qd2 32.g3 1-0

[Event "Tarbes"]
[Site "?"]
[Date "2003.??.??"]
[Round "1"]
[White "Fejzovski, Ekrem"]
[Black "Birebent, Guy"]
[Result "1-0"]
[WhiteElo "2174"]
[BlackElo "1860"]
[PlyCount "59"]

1.e4 c5 2.Nf3 Nc6 3.Nc3 a6 4.g3 g6 5.Bg2 Bg7 6.O-O b6 7.d3 Bb7 8.Bg5 Bf6 
9.Bxf6 Nxf6 10.Qd2 h6 11.Rfe1 e5 12.Rad1 Qc7 13.Nd5 Qd8 14.c3 d6 15.h3 
Nxd5 16.exd5 Ne7 17.d4 f6 18.dxe5 fxe5 19.Nh2 Bc8 20.f4 O-O 21.fxe5 Kg7 
22.exd6 Qxd6 23.Rxe7+ Qxe7 24.d6 Qd7 25.Bxa8 Qxh3 26.Qg2 Qxg2+ 27.Bxg2 Bd7
28.Re1 Re8 29.Rxe8 Bxe8 30.Bh3 1-0

[Event "2e Open Condom"]
[Site "?"]
[Date "2003.??.??"]
[Round "2.9"]
[White "Piankov, Evgenij"]
[Black "Verduyn, Frederic"]
[Result "0-1"]
[WhiteElo "2369"]
[BlackElo "2211"]
[EventDate "2003.??.??"]
[PlyCount "60"]

1.d4 d6 2.Nf3 Nf6 3.Bg5 Nbd7 4.Nbd2 e5 5.e3 Be7 6.dxe5 dxe5 7.Be2 O-O 8.
O-O Ne8 9.Bxe7 Qxe7 10.Nc4 e4 11.Nd4 Ne5 12.Qd2 Nd6 13.Nxd6 Qxd6 14.Qc3 c6
15.Rfd1 Qe7 16.a4 Qg5 17.Kf1 Ng6 18.g3 Bh3+ 19.Ke1 Rad8 20.Bf1 Bg4 21.h4 
Qh5 22.Be2 Ne5 23.b4 a5 24.bxa5 Rd5 25.Qb3 Rfd8 26.Qxb7 Bxe2 27.Rdb1 Bc4 
28.Kd2 Qe2+ 29.Kc3 Qxf2 30.Re1 Rxd4 0-1

[Event "2eme Open de Condom"]
[Site "?"]
[Date "2003.??.??"]
[Round "?"]
[White "Le Hetet, Jacques"]
[Black "Pokee, Michele"]
[Result "1-0"]
[WhiteElo "1530"]
[BlackElo "1390"]
[EventDate "2003.??.??"]
[PlyCount "28"]

1.Nf3 Nc6 2.g3 b6 3.Bg2 Bb7 4.O-O Nf6 5.c4 g6 6.d4 e6 7.Nc3 Bg7 8.Bg5 O-O 
9.e4 d6 10.e5 dxe5 11.Nxe5 Qd6 12.Nb5 Qb4 13.a3 Qxb2 14.Bxf6 Bxf6 1-0

[Event "Condom"]
[Site "?"]
[Date "2003.??.??"]
[Round "8.56"]
[White "Moreau, Philippe"]
[Black "Blesing, Alicia"]
[Result "0-1"]
[WhiteElo "1590"]
[BlackElo "1470"]
[EventDate "2003.??.??"]
[PlyCount "24"]

1.e4 e5 2.Nf3 Nc6 3.Bb5 a6 4.Ba4 b5 5.Bb3 Nf6 6.Ng5 d5 7.Nc3 Nd4 8.Bxd5 
Nxd5 9.Nxd5 Qxg5 10.Nxc7+ Kd8 11.Nxa8 Qxg2 12.Rf1 Qxe4+ 0-1

[Event "NII"]
[Site "?"]
[Date "2003.??.??"]
[Round "?"]
[White "Bourges, Jerome"]
[Black "Relea, Nicolas"]
[Result "1-0"]
[WhiteElo "2136"]
[BlackElo "2282"]
[EventDate "2003.??.??"]
[PlyCount "49"]

1.d4 Nc6 2.d5 Ne5 3.e4 d6 4.Nc3 c6 5.f4 Ng6 6.Be3 Nf6 7.Nf3 e6 8.dxe6 fxe6
9.g3 Qa5 10.Qd3 d5 11.exd5 Nxd5 12.Bd2 Nb4 13.Qe4 Be7 14.Bc4 Rf8 15.O-O-O 
e5 16.Bb3 Bf5 17.Qe2 O-O-O 18.Nxe5 Bf6 19.a3 Nxe5 20.fxe5 Bxe5 21.Nd5 Rxd5
22.Bxb4 Bxb2+ 23.Kxb2 Re5 24.Bxa5 Rxe2 25.Rhf1 1-0

[Event "2eme Open de Condom"]
[Site "?"]
[Date "2003.??.??"]
[Round "?"]
[White "Buytaert, Krystof"]
[Black "Bokros, Albert"]
[Result "0-1"]
[WhiteElo "2159"]
[BlackElo "2477"]
[EventDate "2003.??.??"]
[PlyCount "58"]

1.e4 c5 2.Nf3 e6 3.Nc3 d6 4.Bb5+ Nd7 5.O-O a6 6.Bxd7+ Bxd7 7.d4 cxd4 8.
Qxd4 Nf6 9.Bg5 Be7 10.Rad1 Qc7 11.Rfe1 Bc6 12.Qd3 Rd8 13.Nd4 O-O 14.Nxc6 
Qxc6 15.h3 b5 16.a3 h6 17.Bf4 Rd7 18.Rd2 Rc8 19.g4 Ne8 20.Red1 Rb7 21.Ne2 
a5 22.Nd4 Qc4 23.Be3 Nf6 24.f3 d5 25.e5 Nd7 26.f4 Nc5 27.Qxc4 bxc4 28.c3 
Na4 29.f5 Bc5 0-1

[Event "Tarbes"]
[Site "?"]
[Date "2003.??.??"]
[Round "3"]
[White "Dufeal, Julien"]
[Black "Jossien, Arnaud"]
[Result "1-0"]
[WhiteElo "2141"]
[BlackElo "2340"]
[PlyCount "59"]

1.d4 d6 2.c4 e5 3.dxe5 dxe5 4.Qxd8+ Kxd8 5.Nc3 Be6 6.e3 Nd7 7.Nf3 f6 8.Be2
a5 9.O-O a4 10.Rd1 c6 11.Ne4 Kc7 12.Bd2 Nh6 13.b4 Nf7 14.Bc3 Be7 15.c5 g5 
16.Nfd2 f5 17.Ng3 b5 18.Bh5 Rhf8 19.Bxf7 Rxf7 20.Nf3 Bf6 21.Rd6 Re8 22.Nh5
Bd8 23.Nxe5 Nxe5 24.Bxe5 Bd5 25.Rxd5+ Kc8 26.Rxd8+ Kxd8 27.f4 Re6 28.Rd1+ 
Rd7 29.Rxd7+ Kxd7 30.Nf6+ 1-0

[Event "Tarbes"]
[Site "?"]
[Date "2003.??.??"]
[Round "3"]
[White "Auneau, Dominique"]
[Black "Jeau, James"]
[Result "1-0"]
[WhiteElo "1970"]
[BlackElo "1730"]
[PlyCount "47"]

1.e4 g6 2.d4 Bg7 3.f4 d6 4.Nf3 Nd7 5.Bc4 a6 6.c3 b5 7.Bb3 Bb7 8.Bc2 e5 9.
O-O Ne7 10.fxe5 dxe5 11.Ng5 Bf6 12.Bb3 O-O 13.Nxf7 Rxf7 14.Qf3 Nc6 15.
Bxf7+ Kxf7 16.d5 Na7 17.Qh3 Kg7 18.Bh6+ Kh8 19.Nd2 Qe7 20.Rf3 Rf8 21.Bxf8 
Nxf8 22.Raf1 Nd7 23.Qe6 Kg7 24.Qxe7+ 1-0

[Event "Tarbes"]
[Site "?"]
[Date "2003.??.??"]
[Round "3"]
[White "Wardenski, Eric"]
[Black "Martinet, Regis"]
[Result "0-1"]
[WhiteElo "1860"]
[BlackElo "2080"]
[PlyCount "70"]

1.e4 c5 2.Nf3 Nc6 3.d4 cxd4 4.Nxd4 Nf6 5.Nc3 e5 6.Ndb5 d6 7.Bg5 a6 8.Bxf6 
gxf6 9.Na3 b5 10.Nd5 Bg7 11.c3 f5 12.Bd3 Ne7 13.Nxe7 Qxe7 14.Qh5 d5 15.
exd5 e4 16.Be2 b4 17.Nc4 bxc3 18.d6 cxb2 19.Rb1 Bc3+ 20.Kf1 Qf6 21.Nb6 Rb8
22.Nd5 Qe5 23.Nc7+ Kf8 24.Bc4 Qg7 25.g4 Qg6 26.Qh3 Be5 27.gxf5 Bxf5 28.Qe3
Qxd6 29.Nd5 Rc8 30.Bb3 Rc5 31.f3 exf3 32.Qxf3 Rc1+ 33.Ke2 Bxb1 34.Nb4 Bg6 
35.Qa8+ Kg7 0-1

[Event "Tarbes"]
[Site "?"]
[Date "2003.??.??"]
[Round "?"]
[White "Tanguy, Fabien"]
[Black "Martinet"]
[Result "0-1"]
[WhiteElo "2083"]
[BlackElo "2080"]
[PlyCount "54"]

1.c4 Nf6 2.Nc3 c5 3.g3 Nc6 4.Bg2 g6 5.e3 Bg7 6.Nge2 O-O 7.O-O d6 8.d4 Bg4 
9.f3 Bd7 10.Rb1 cxd4 11.exd4 Bf5 12.Ne4 d5 13.cxd5 Qxd5 14.Be3 Rfd8 15.
N4c3 Qe6 16.Ne4 Nxe4 17.Nf4 Nc3 18.Nxe6 Nxd1 19.Nxd8 Nxe3 20.Nxc6 bxc6 21.
Rbc1 Nxf1 22.Kxf1 Bxd4 23.Rxc6 Bxb2 24.Rc7 e5 25.g4 Bd3+ 26.Ke1 a6 27.Kd2 
Rd8 0-1

[Event "Tarbes"]
[Site "?"]
[Date "2003.??.??"]
[Round "?"]
[White "Darrigues, Alain"]
[Black "Aout, Sebastien"]
[Result "0-1"]
[WhiteElo "2069"]
[BlackElo "2096"]
[PlyCount "102"]

1.d4 d5 2.c4 c6 3.Nf3 Nf6 4.Nc3 e6 5.cxd5 exd5 6.Qc2 Bd6 7.Bg5 O-O 8.e3 
Re8 9.Bd3 h6 10.Bh4 Nbd7 11.O-O Nf8 12.Rab1 Bg4 13.Nd2 Bh5 14.b4 g5 15.Bg3
Bxg3 16.hxg3 b5 17.Nb3 Bg6 18.Bxg6 Nxg6 19.Na5 Qd7 20.Rfc1 Re6 21.Rb3 Ne7 
22.a4 a6 23.Ra3 Ne8 24.Nb3 Qd8 25.Nc5 Rg6 26.Rca1 Nc7 27.R1a2 Nc8 28.Nd1 
Nb6 29.axb5 cxb5 30.Nb2 Nc4 31.Nxc4 bxc4 32.Qb1 Rb6 33.Na4 Rbb8 34.Nc3 Qd6
35.Ra4 Qc6 36.Ra5 Nb5 37.Na4 Nc7 38.Rc5 Qd6 39.Rb2 Rb5 40.Nc3 Rb7 41.Qf5 
Rd8 42.g4 Kg7 43.g3 Qe6 44.Qxe6 fxe6 45.Rc6 Kf7 46.Na4 Nb5 47.Nc5 Ra7 48.
Nxe6 Rb8 49.Nc5 c3 50.Rc2 a5 51.bxa5 Rxa5 0-1

[Event "N3"]
[Site "?"]
[Date "2003.??.??"]
[Round "9"]
[White "Ducret, Thomas"]
[Black "Hutin, Christophe"]
[Result "1/2-1/2"]
[WhiteElo "2202"]
[BlackElo "2107"]
[EventDate "2003.??.??"]
[Annotator "Condom/CEIT"]
[PlyCount "56"]

1.Nf3 Nf6 2.c4 g6 3.Nc3 d5 4.e3 Bg7 5.d4 O-O 6.Bd2 c6 7.Be2 Be6 8.Ng5 Bf5 
9.cxd5 cxd5 10.Qb3 Bc8 11.O-O h6 12.Nf3 Nc6 13.Rfd1 b6 14.Ne5 Bb7 15.Rac1 
e6 16.Nxc6 Bxc6 17.Ba6 Qd7 18.Nb5 Ne4 19.a4 Nxd2 20.Rxd2 Rfd8 21.Rdc2 Bxb5
22.Bxb5 Qe7 23.Rc7 Qg5 24.Qd1 h5 25.Qf3 Rf8 26.Ba6 Bf6 27.h3 Kg7 28.R1c6 
Kg8 1/2-1/2

[Event "N3"]
[Site "?"]
[Date "2003.??.??"]
[Round "9"]
[White "Dumas, Michel"]
[Black "Wipf, Jean-Marc"]
[Result "1-0"]
[WhiteElo "2050"]
[BlackElo "2060"]
[EventDate "2003.??.??"]
[Annotator "Agen/Perpignan"]
[PlyCount "65"]

1.d4 Nf6 2.c4 e5 3.dxe5 Ng4 4.e4 Nxe5 5.f4 Nbc6 6.Be3 Bb4+ 7.Nc3 Ng6 8.Bd3
Qe7 9.Ne2 f5 10.O-O fxe4 11.Bxe4 O-O 12.Qd3 d6 13.Nd5 Qf7 14.Nd4 Bc5 15.
Nb5 Bxe3+ 16.Qxe3 Bf5 17.Ndxc7 Bxe4 18.Nxa8 Qxc4 19.Nxd6 Qd4 20.Qxd4 Nxd4 
21.Nxe4 Rxa8 22.g3 Ne7 23.Kf2 Nec6 24.Rad1 Kf7 25.Rfe1 Rd8 26.a3 a5 27.Rd2
Kg6 28.Red1 Kf5 29.Nc3 Rd7 30.Ne2 Ke4 31.Nxd4 Nxd4 32.Re1+ Kd5 33.Rxd4+ 
1-0

[Event "Avignon-Condom"]
[Site "?"]
[Date "2003.??.??"]
[Round "2"]
[White "Alaux, Sophie"]
[Black "Guadalpi"]
[Result "1/2-1/2"]
[WhiteElo "1730"]
[BlackElo "1930"]
[EventDate "2003.??.??"]
[PlyCount "81"]

1.e4 e6 2.d4 d5 3.e5 c5 4.c3 Nc6 5.Nf3 Qb6 6.a3 a5 7.Be2 Bd7 8.O-O a4 9.
Kh1 Na5 10.Nbd2 c4 11.Ng1 O-O-O 12.f4 g6 13.Ngf3 h5 14.Ng5 Nh6 15.Ndf3 Nb3
16.Rb1 Be7 17.Nd2 Nxd2 18.Bxd2 Rdf8 19.Qc1 Nf5 20.Bd1 Qc6 21.Bc2 Nh6 22.
Qd1 Be8 23.Nf3 Ng4 24.Qe1 Nh6 25.Nh4 Rfg8 26.Nf3 Qd7 27.Ng5 Qd8 28.Qd1 Qd7
29.Qe1 Rg7 30.Qd1 Rhg8 31.Qe1 Qd8 32.Qd1 Qd7 33.Qe1 Qb5 34.Qd1 Bd7 35.Qe2 
Qc6 36.Nf3 Ng4 37.Rbe1 Nh6 38.Rb1 Qc7 39.Qd1 Qc6 40.Qe2 Qb5 41.Ng5 1/2-1/2

[Event "Tarbes"]
[Site "?"]
[Date "2003.??.??"]
[Round "2"]
[White "Natale, Bruno"]
[Black "Auneau, Dominique"]
[Result "1/2-1/2"]
[WhiteElo "1790"]
[BlackElo "1970"]
[PlyCount "78"]

1.c4 e5 2.Nc3 Nf6 3.g3 Be7 4.Bg2 O-O 5.Nf3 d6 6.O-O c6 7.d3 h6 8.Rb1 Bf5 
9.b4 a6 10.a4 Nbd7 11.b5 cxb5 12.axb5 Nc5 13.bxa6 Rxa6 14.Be3 b6 15.Qd2 
Re8 16.Bxc5 bxc5 17.Rb7 Bc8 18.Rb8 Nd7 19.Rb3 Bf8 20.Rfb1 Rb6 21.Nd5 Rxb3 
22.Rxb3 Nf6 23.Ne1 Be6 24.Nxf6+ Qxf6 25.Nc2 g5 26.Ne3 h5 27.Rb7 Qg7 28.Qb2
h4 29.Nd5 Qh6 30.gxh4 gxh4 31.Nc7 Re7 32.Nxe6 Rxb7 33.Bxb7 fxe6 34.h3 Qg5+
35.Bg2 Qf4 36.e3 Qg5 37.Qe2 Bh6 38.Qg4 Kf8 39.Qxe6 Bg7 1/2-1/2

[Event "N3"]
[Site "?"]
[Date "2003.??.??"]
[Round "9"]
[White "Dezaele, Christophe"]
[Black "Marty, Brice"]
[Result "1-0"]
[WhiteElo "2133"]
[BlackElo "1980"]
[EventDate "2003.??.??"]
[Annotator "ET/Cahors"]
[PlyCount "51"]

1.d4 c6 2.Nf3 d5 3.g3 Nf6 4.Bg2 c5 5.c4 e6 6.Nc3 cxd4 7.Nxd4 e5 8.Nc2 d4 
9.Nd5 Nc6 10.Bg5 Be6 11.Bxf6 gxf6 12.O-O Be7 13.e3 dxe3 14.Ncxe3 Qd7 15.
Qa4 h5 16.Nb6 Qd8 17.Bxc6+ Kf8 18.Nxa8 bxc6 19.Qxa7 Kg7 20.Rfd1 Qf8 21.Nc7
Kg6 22.Nxe6 fxe6 23.Qd7 Qf7 24.Qxc6 h4 25.Rd3 Qh7 26.Qxe6 1-0

[Event "2eme Open de Condom"]
[Site "?"]
[Date "2003.??.??"]
[Round "1"]
[White "Rouede, Gilbert"]
[Black "Cwiek, Francoise"]
[Result "1-0"]
[WhiteElo "1890"]
[BlackElo "1499"]
[EventDate "2003.??.??"]
[PlyCount "47"]

1.e4 e5 2.Nf3 Nc6 3.Bb5 a6 4.Ba4 Nf6 5.O-O Bc5 6.c3 O-O 7.d4 Bd6 8.Bxc6 
bxc6 9.dxe5 Nxe4 10.exd6 cxd6 11.Nbd2 Re8 12.Nxe4 Rxe4 13.Qxd6 Qe8 14.Be3 
Rb8 15.b3 Ra8 16.Bd4 a5 17.Rfe1 Bb7 18.Rxe4 Qxe4 19.Re1 Qd3 20.Qxd7 h5 21.
Qxb7 Rd8 22.Ne5 c5 23.Qxf7+ Kh8 24.Nxd3 1-0

[Event "Tarbes"]
[Site "?"]
[Date "2003.??.??"]
[Round "2"]
[White "Laporte, Pierre"]
[Black "Bodlet, Frederic"]
[Result "0-1"]
[WhiteElo "1780"]
[BlackElo "1950"]
[PlyCount "77"]

1.e4 d6 2.d4 Nf6 3.Nc3 g6 4.Bc4 Nbd7 5.Nf3 Bg7 6.O-O O-O 7.h3 e5 8.Qe2 
exd4 9.Nxd4 Nc5 10.Nb3 Nfd7 11.Nxc5 Nxc5 12.Be3 Bd7 13.Rad1 Qe8 14.f3 Bc6 
15.Bd4 Bxd4+ 16.Rxd4 Qe5 17.Rd2 Ne6 18.Bxe6 fxe6 19.Qf2 a5 20.Qd4 Qxd4+ 
21.Rxd4 b5 22.b4 a4 23.a3 Rf7 24.Ne2 Raf8 25.c4 e5 26.Rd2 Bxe4 27.Nc3 Bb7 
28.cxb5 e4 29.Rdf2 exf3 30.Nxa4 Ra8 31.Nb2 Rxa3 32.Nc4 Rc3 33.Nd2 fxg2 34.
Rxf7 gxf1=Q+ 35.Rxf1 Rxh3 36.Rc1 Rh1+ 37.Kf2 Rxc1 38.Ke3 h5 39.Nb3 0-1

[Event "Tarbes"]
[Site "?"]
[Date "2003.??.??"]
[Round "?"]
[White "Garrel, Alain"]
[Black "Cheron"]
[Result "1/2-1/2"]
[WhiteElo "2153"]
[BlackElo "1910"]
[PlyCount "32"]

1.d4 d5 2.Nf3 c5 3.g3 e6 4.c4 Nf6 5.Bg2 Nc6 6.O-O dxc4 7.Qa4 Qa5 8.Qxc4 
Be7 9.Nc3 O-O 10.Bf4 cxd4 11.Nb5 Nd5 12.Bd2 Qb6 13.Nbxd4 Bd7 14.a3 Rac8 
15.Qd3 Bf6 16.Nxc6 Bxc6 1/2-1/2

[Event "2e Open Condom"]
[Site "?"]
[Date "2003.??.??"]
[Round "5.60"]
[White "Mercier, Luc"]
[Black "Egea, Claude"]
[Result "0-1"]
[WhiteElo "1120"]
[BlackElo "1670"]
[EventDate "2003.??.??"]
[PlyCount "74"]

1.e4 c5 2.d3 Nc6 3.Be3 e6 4.c4 b6 5.Nc3 g6 6.Nge2 Bg7 7.Qc2 Nd4 8.Nxd4 
cxd4 9.Bd2 dxc3 10.Bxc3 Bxc3+ 11.Qxc3 Nf6 12.e5 Nh5 13.g4 Ng7 14.Bg2 Rb8 
15.c5 bxc5 16.Qxc5 Qb6 17.Qc3 Qxb2 18.Qxb2 Rxb2 19.O-O-O Rxf2 20.Ba8 O-O 
21.Rd2 Rxd2 22.Kxd2 Ba6 23.Be4 Rb8 24.Kc1 Ne8 25.h4 d5 26.Bf3 Bxd3 27.Rd1 
Rb1+ 28.Kd2 Rxd1+ 29.Bxd1 Be4 30.Ke3 Nc7 31.Be2 Kf8 32.a4 Ke7 33.Bd3 Bxd3 
34.Kxd3 Kd7 35.Ke3 Kc6 36.Kf4 h6 37.h5 g5+ 0-1

[Event "Tarbes"]
[Site "?"]
[Date "2003.??.??"]
[Round "2"]
[White "Lucas, Julien"]
[Black "Pokee, Anne-Josephe"]
[Result "1/2-1/2"]
[WhiteElo "1910"]
[BlackElo "1710"]
[PlyCount "87"]

1.d4 d5 2.c4 Bf5 3.Nc3 e6 4.Qb3 Nc6 5.a3 Nxd4 6.Qa4+ c6 7.e4 dxe4 8.Be3 
Nf6 9.O-O-O e5 10.h3 Qb6 11.b4 Qa6 12.Bxd4 Qxa4 13.Nxa4 exd4 14.Rxd4 Rd8 
15.Ne2 b6 16.g4 Bg6 17.Rxd8+ Kxd8 18.Nd4 Kc7 19.Bg2 Bd6 20.Re1 Bf4+ 21.Kc2
e3+ 22.Kb3 exf2 23.Re7+ Kd6 24.Nxc6 Nd7 25.Nc3 a6 26.h4 Ne5 27.Nxe5 Bxe5 
28.Ra7 Bxc3 29.Kxc3 Be4 30.Bf1 Rf8 31.Kd4 Bf3 32.c5+ bxc5+ 33.bxc5+ Kc6 
34.Rxa6+ Kc7 35.Ke3 Bb7 36.Rb6 Ra8 37.Rb3 Bd5 38.Rc3 Ra4 39.Kxf2 Rxg4 40.
h5 Rf4+ 41.Ke1 Rf5 42.Be2 Re5 43.Kd2 Kc6 44.a4 1/2-1/2

[Event "Tarbes"]
[Site "?"]
[Date "2003.??.??"]
[Round "1"]
[White "Rundstrom, Douglas"]
[Black "Jeau, James"]
[Result "1/2-1/2"]
[WhiteElo "2030"]
[BlackElo "1730"]
[PlyCount "82"]

1.d4 Nf6 2.c4 e5 3.dxe5 Ng4 4.Bf4 Nc6 5.Nf3 Bb4+ 6.Nbd2 Qe7 7.a3 Ngxe5 8.
Nxe5 Bxd2+ 9.Qxd2 Nxe5 10.e3 d6 11.Be2 b6 12.O-O O-O 13.b4 Bb7 14.Rac1 Nd7
15.Rfd1 Rfd8 16.Qc3 a5 17.Bd3 Be4 18.Bxe4 Qxe4 19.Rd4 Qe6 20.Bg3 axb4 21.
axb4 Ra2 22.h3 Rda8 23.Rg4 Ne5 24.Bxe5 Qxe5 25.Qd4 Ra1 26.Rf1 Rxf1+ 27.
Kxf1 Ra1+ 28.Ke2 Ra2+ 29.Kf3 Qf5+ 30.Qf4 Qe5 31.Qg5 Qxg5 32.Rxg5 Ra4 33.
Rb5 f6 34.Ke4 Ra2 35.Kf3 Rc2 36.c5 dxc5 37.bxc5 Rxc5 38.Rxc5 bxc5 39.Ke4 
c4 40.Kd4 Kf7 41.Kxc4 Ke6 1/2-1/2

[Event "N3"]
[Site "?"]
[Date "2003.??.??"]
[Round "9"]
[White "Garcia, Ludovic"]
[Black "Miralles, Jose"]
[Result "1/2-1/2"]
[WhiteElo "1680"]
[BlackElo "1830"]
[EventDate "2003.??.??"]
[Annotator "Montpellier/Beziers"]
[PlyCount "47"]

1.d4 g6 2.Nf3 Bg7 3.Nc3 c6 4.Bf4 Qb6 5.Rb1 d6 6.e3 Bg4 7.Be2 Nd7 8.h3 Bxf3
9.Bxf3 Ngf6 10.O-O O-O 11.Re1 Rfd8 12.e4 e5 13.Be3 Qc7 14.a4 exd4 15.Bxd4 
Ne5 16.Be2 d5 17.f4 Nc4 18.e5 Ne8 19.Bd3 Qe7 20.Qf3 Nd2 21.Qf2 Nxb1 22.
Nxb1 Nc7 23.Bxa7 Ne6 24.b3 1/2-1/2